00882nam a2200217Ia 4500003000900000008004100009020003100050022002200081022002300103040001600126100003500142245008400177260003100261300001000292490002800302700002900330856010800359942000700467999001700474952017300491IN-BaIIA211028s9999 xx s 000 0 eng d a978-2-7598-1729-0 (Online) a1633-4760 (Print) a1638-1963 (Online) cIIA Library aFraix-Burnet, D., ed. 938250 0aStatistics for Astrophysics Methods and Applications of the Regressionh[eBook] aFrancebEDP Sciencesc2014 a226p. aEAS Publications Series aValls-Gabaud, D. 938251 uhttps://www.eas-journal.org/articles/eas/abs/2014/02/contents/contents.htmlyClick Here to Access eBook cEB c20660d20660 00104070aBANbBANd2013-01-01eEDP ScienceshV. 66l0pEB120r2021-11-05uhttps://www.eas-journal.org/articles/eas/abs/2014/02/contents/contents.htmlw2021-11-05yEB